000
00287nam a22001097a 4500
008
170120b xxu||||| |||| 00| 0 eng d
020
_a
9780721603476
041
_a
eng
080
_2
3RD
_a
618.2
245
_a
COMPREHENSIE REIEW FOR THE NCLEX-RN EXAMINATION
_c
SILVESTRI, L.A
942
_2
udc
_c
BK
999
_c
3222
_d
3222